ARRUPE JESUIT UNIVERSITY

CORONAVIRUS -STOP THE SPREAD - CLEAN,DISINFECT,COVER

Symptom, symbol and the other of language : (Record no. 131557)

MARC details
000 -LEADER
fixed length control field 01092cam a2200301 i 4500
001 - CONTROL NUMBER
control field 18734617
003 - CONTROL NUMBER IDENTIFIER
control field ARRUPE
005 - DATE AND TIME OF LATEST TRANSACTION
control field 20221125094247.0
008 - FIXED-LENGTH DATA ELEMENTS--GENERAL INFORMATION
fixed length control field 150807s2016 enk b 001 0 eng
010 ## - LIBRARY OF CONGRESS CONTROL NUMBER
LC control number 2015029579
020 ## - INTERNATIONAL STANDARD BOOK NUMBER
International Standard Book Number 9781138926295 (hardback : alk. paper)
020 ## - INTERNATIONAL STANDARD BOOK NUMBER
Cancelled/invalid ISBN 9781315683348 (ebook)
028 ## - PUBLISHER NUMBER
Source Arrupe
040 ## - CATALOGING SOURCE
Original cataloging agency DLC
Language of cataloging eng
Transcribing agency DLC
Description conventions rda
Modifying agency DLC
042 ## - AUTHENTICATION CODE
Authentication code pcc
050 00 - LIBRARY OF CONGRESS CALL NUMBER
Classification number BF458
Item number .A43 2016
082 00 - DEWEY DECIMAL CLASSIFICATION NUMBER
Classification number 401/.9
Edition number 23
300 ## - PHYSICAL DESCRIPTION
Dimensions 24 cm.
100 1# - MAIN ENTRY--PERSONAL NAME
Personal name Alderman, Bret,
Relator term author.
9 (RLIN) 51907
245 10 - TITLE STATEMENT
Title Symptom, symbol and the other of language :
Remainder of title a Jungian interpretation of the linguistic turn /
Statement of responsibility, etc Bret Alderman.
300 ## - PHYSICAL DESCRIPTION
Extent vi,153 pages ;
490 0# - SERIES STATEMENT
Series statement Research in analytical psychology and Jungian studies series
504 ## - BIBLIOGRAPHY, ETC. NOTE
Bibliography, etc Includes bibliographical references and index.
650 #0 - SUBJECT ADDED ENTRY--TOPICAL TERM
Topical term or geographic name as entry element Psycholinguistics.
650 #0 - SUBJECT ADDED ENTRY--TOPICAL TERM
Topical term or geographic name as entry element Jungian psychology.
9 (RLIN) 7018
906 ## - LOCAL DATA ELEMENT F, LDF (RLIN)
a 7
b cbc
c orignew
d 1
e ecip
f 20
g y-gencatlg
942 ## - ADDED ENTRY ELEMENTS (KOHA)
Source of classification or shelving scheme Library of Congress Classification
Koha item type Monograph ( Printed materials)
Holdings
Withdrawn status Lost status Source of classification or shelving scheme Damaged status Not for loan Home library Current library Shelving location Date acquired Total Checkouts Full call number Barcode Date last seen Price effective from Koha item type
    Library of Congress Classification     ARRUPE LIBRARY ARRUPE LIBRARY Main Collection 25/11/2022   BF458 .A43 2016 46700000112 25/11/2022 25/11/2022 Monograph ( Printed materials)

 

Arrupe Library. PO Box MP320 Mt Pleasant, Harare, Zimbabwe
263 242 745411|librarian@aju.ac.zw